| 000 | 00601nam a2200241 a 4500 | ||
|---|---|---|---|
| 003 | AR-BaBNM | ||
| 005 | 20251128202910.0 | ||
| 008 | 082120s2002 ||||||||||||||000 | spa|| | ||
| 040 | _cAR-BaBNM | ||
| 100 | 1 | _aCampos Menéndez, Enrique | |
| 245 | 0 | 0 | _aLincoln |
| 260 |
_aBuenos Aires _bEmecé _c1945 |
||
| 300 |
_a127 p. _bil. |
||
| 490 | 0 | _aBuen Aire | |
| 500 | _aIconografía de Lincoln al término del texto | ||
| 650 | 4 | _aBIOGRAFIAS | |
| 650 | 4 | _aHISTORIA POLITICA | |
| 650 | 4 | _aSIGLO DIECINUEVE | |
| 651 | 4 | _aEstados Unidos | |
| 655 | _aBIOGRAFIAS | ||
| 942 | _cBK | ||
| 998 | _cEnrique | ||
| 999 |
_c1109 _d1109 |
||